000 00331nam a2200145Ia 4500
100 _aWomack/James/ Jones/D.T
650 _aMANUFACTURING
942 _cBK
654 _aworld
245 _aThe machine that changed the World
260 _bMaxwell
_c1990
082 _a385.32
_bWOM
300 _a323
546 _aENGLISH
_cInfo.Tech
999 _c26054
_d26054